| 000 | 00883nam a2200265 a 4500 | ||
|---|---|---|---|
| 001 | 50353 | ||
| 003 | BD-RjUL | ||
| 005 | 20211209075509.0 | ||
| 008 | 160824s1988 enka b 001 0 eng | ||
| 020 | _a0521353092 | ||
| 035 | _a(BD-RjUL)50473 | ||
| 040 |
_aDLC _cDLC _dDLC _beng |
||
| 041 | _aeng | ||
| 082 | 0 | 0 |
_a428.007 _223 _bNUL 1999 |
| 100 | 1 | 0 |
_aNunan, David _9133451 |
| 245 | 1 | 4 |
_aThe learner-centred curriculum : _ba study in second language teaching / _cDavid Nunan. |
| 260 |
_aNew York : _bCambridge University Press, _c1988 [printing 1999] |
||
| 300 |
_axii, 196 p. : _bill. ; _c24 cm. |
||
| 500 | _aIncludes index. | ||
| 650 | 0 |
_aEnglish language _xStudy and teaching _xForeign speakers. _9118368 |
|
| 856 | 4 | 2 | _3The Cambridge applied linguistics series |
| 942 |
_2ddc _cBK |
||
| 999 |
_c50353 _d50353 |
||